<?xml version="1.0" encoding="UTF-8"?><?xml-stylesheet type="text/xsl" href="static/style.xsl"?><OAI-PMH xmlns="http://www.openarchives.org/OAI/2.0/" xmlns:xsi="http://www.w3.org/2001/XMLSchema-instance" xsi:schemaLocation="http://www.openarchives.org/OAI/2.0/ http://www.openarchives.org/OAI/2.0/OAI-PMH.xsd"><responseDate>2026-06-04T12:43:35Z</responseDate><request verb="GetRecord" identifier="oai:riuma.uma.es:10630/35701" metadataPrefix="marc">https://riuma.uma.es/rest/oai/request</request><GetRecord><record><header><identifier>oai:riuma.uma.es:10630/35701</identifier><datestamp>2026-02-03T11:23:53Z</datestamp><setSpec>com_10630_2254</setSpec><setSpec>col_10630_37953</setSpec></header><metadata><record xmlns="http://www.loc.gov/MARC21/slim" xmlns:dcterms="http://purl.org/dc/terms/" xmlns:doc="http://www.lyncode.com/xoai" xmlns:xsi="http://www.w3.org/2001/XMLSchema-instance" xsi:schemaLocation="http://www.loc.gov/MARC21/slim http://www.loc.gov/standards/marcxml/schema/MARC21slim.xsd">
   <leader>00925njm 22002777a 4500</leader>
   <datafield ind2=" " ind1=" " tag="042">
      <subfield code="a">dc</subfield>
   </datafield>
   <datafield ind2=" " ind1=" " tag="720">
      <subfield code="a">Mandujano, S</subfield>
      <subfield code="e">author</subfield>
   </datafield>
   <datafield ind2=" " ind1=" " tag="720">
      <subfield code="a">Mulero-Pázmány, Margarita Cristina</subfield>
      <subfield code="e">author</subfield>
   </datafield>
   <datafield ind2=" " ind1=" " tag="720">
      <subfield code="a">Rísquez-Valdepeña, A.</subfield>
      <subfield code="e">author</subfield>
   </datafield>
   <datafield ind2=" " ind1=" " tag="260">
      <subfield code="c">2017</subfield>
   </datafield>
   <datafield ind2=" " ind1=" " tag="520">
      <subfield code="a">La investigación y manejo de fauna silvestre requiere un monitoreo constante del estado de las poblaciones y de sus hábitats. Esta información es necesaria para detectar posibles amenazas y llevar a cabo eficazmente el trabajo de manejo y conservación. En los últimos 15 años se ha asistido a la incorporación de una nueva herramienta de monitoreo aéreo de fauna silvestre, coloquialmente denominado “dron”, y en este trabajo se hace una breve descripción de éstos y su aplicación en el monitoreo de fauna silvestre. El propósito de ello es presentar las ventajas, pero también alertar acerca de sus posibles limitaciones.</subfield>
   </datafield>
   <datafield ind1="8" ind2=" " tag="024">
      <subfield code="a">Mandujano, S. (2018). DRONES: UNA NUEVA TECNOLOGÍA PARA EL ESTUDIO Y MONITOREO DE FAUNA Y HÁBITATS. Agro Productividad, 10(10). Recuperado a partir de https://revista-agroproductividad.org/index.php/agroproductividad/article/view/83</subfield>
   </datafield>
   <datafield ind1="8" ind2=" " tag="024">
      <subfield code="a">http://revista-agroproductividad.org/index.php/agroproductividad/article/view/83</subfield>
   </datafield>
   <datafield ind1="8" ind2=" " tag="024">
      <subfield code="a">https://hdl.handle.net/10630/35701</subfield>
   </datafield>
   <datafield tag="653" ind2=" " ind1=" ">
      <subfield code="a">Biodiversidad - Conservación - Innovaciones tecnológicas</subfield>
   </datafield>
   <datafield ind2="0" ind1="0" tag="245">
      <subfield code="a">Drones: una nueva tecnología para el estudio y monitoreo de fauna y hábitats</subfield>
   </datafield>
</record>
</metadata></record></GetRecord></OAI-PMH>